| 000 | 01361cam a2200385Ma 4500 | ||
|---|---|---|---|
| 001 | ocn620320907 | ||
| 003 | TZ-ArACH | ||
| 005 | 20230920130818.0 | ||
| 008 | 100428r20102006enk 000 0 eng | ||
| 015 |
_aGBB058061 _2bnb |
||
| 016 | 7 |
_a015545479 _2Uk |
|
| 020 |
_a9780521172851 _q(pbk.) |
||
| 020 |
_a0521172853 _q(pbk.) |
||
| 035 | _a(OCoLC)620320907 | ||
| 040 |
_aUKM _beng _cTZ-ArACH |
||
| 043 | _ae------ | ||
| 049 | _aTZAA | ||
| 050 | 4 |
_aKJC3716 _b.B45 2010 |
|
| 100 | 1 |
_aBell, John, _d1953- |
|
| 245 | 1 | 0 |
_aJudiciaries within Europe : _ba comparative review / _cJohn Bell. |
| 260 |
_aCambridge : _bCambridge University Press, _c2010. |
||
| 300 |
_axiv; 399 _c23 cm |
||
| 490 | 0 |
_aCambridge studies in international and comparative law ; _vno. 47 |
|
| 505 | 0 | _a1. Introduction -- 2. The French judiciary -- 3. The German judiciary -- 4. The Spanish judiciary -- 5. The Swedish judiciary -- 6. The English judiciary in comparative perspective -- 7. Factors shaping the character of the judiciary. | |
| 650 | 0 |
_aJudges _zEurope. |
|
| 650 | 0 |
_aCourts _zEurope. |
|
| 650 | 0 |
_aJustice, Administration of _zEurope. _91271 |
|
| 650 | 6 |
_aTribunaux _zEurope. |
|
| 650 | 7 |
_aCourts. _2fast |
|
| 650 | 7 |
_aJudges. _2fast |
|
| 650 | 7 |
_aJustice, Administration of. _2fast |
|
| 651 | 7 |
_aEurope. _2fast |
|
| 651 | 7 |
_aEuropa. _2idszbz |
|
| 942 |
_2lcc _cBOOK |
||
| 999 |
_c7224 _d7224 |
||